[Event "Vienna Husek op-C"]
[Site "Vienna"]
[Date "2012.08.19"]
[Round "7"]
[White "Bachlechner, Sandra"]
[Black "Pitzek, Benjamin"]
[Result "1/2-1/2"]
[WhiteElo "1097"]
[BlackElo "1152"]
[PlyCount "44"]
[EventDate "2012.08.13"]
[EventType "swiss"]
[EventRounds "7"]
[EventCountry "AUT"]
[SourceTitle "EXT 2014"]
[Source "ChessBase"]
[SourceDate "2013.11.20"]
[SourceVersion "1"]
[SourceVersionDate "2013.11.20"]
[SourceQuality "1"]

1. e4 Nc6 2. Nc3 e5 3. Nf3 Nf6 4. Bb5 d6 5. 0-0 Bd7 6. d3 a6 7. Ba4 Be7 8. h3 0-0 9. a3 h6 10. d4 exd4 11. Bxc6 Bxc6 12. Qxd4 Qd7 13. Bd2 Rad8 14. Rfd1 Rfe8 15. Qd3 Qe6 16. Nd4 Qe5 17. Nxc6 bxc6 18. Qxa6 c5 19. Re1 Ra8 20. Qb7 Rab8 21. Qxc7 Rxb2 22. Rac1 Bd8 1/2-1/2